00597cam4a220021700 4500001001200000008004100012035001900053035001800072100002800090245003400118260001000152949005500162004000600217591002300223591003000246591001700276591003000293591002800323909000900351999001900360zam00003501951128s1973 xx eng u a(Sirsi) r20828 a(MACHINE)SLC. aBernstein, B.6A82327.110aClass codes & control vol. 1. c1973. aP41vVOL. 1wlccmMAINp2500tSHORTLOANlSHORTLOAN20828 aClass code: E 949. aCourse: Sociolinguistics. aSchool: S05. aLecturer: Mr. HIRST, S.B. aNumber of Students: 20. aBook c173244d173244